000
00245nam a2200097Ia 4500
001
870812
005
20250826181207.0
008
250824s9999 xx 000 0 und d
245
0
_a
ADIN AYRILIK OLSUN
_c
BEDİRHAN GÖKÇE
260
_b
DESTEK YAYINLARI
999
_c
870812
_d
870812